| 000 | 01027nam a2200229Ii 4500 | ||
|---|---|---|---|
| 003 | JO-AjNU | ||
| 008 | 230605s9999||||xx |||||||||||||| ||und|| | ||
| 017 | _a2014/4/1587 | ||
| 020 | _a978-9957-16-872-8 | ||
| 040 |
_aJO-AjNU _bara _erda _cJO-AjNU |
||
| 041 | _aara | ||
| 050 | 1 | 4 | _aK579.L5.J853.2015 |
| 100 | 3 |
_a الجندي ، محمد صبري , _eauthor _950661 |
|
| 245 | 0 | 0 | _aفي المسئولية التقصيرية المسئولية عن الفعل الضار : دراسة في الفقة الغربي والفقة الاسلامي والقانون المدني الاردني : المجلد الاول ، في شروط المسئولية عن الفعل الشخصي |
| 250 | _aط1 | ||
| 264 | 3 | 1 | _aعمان : دار الثقافة ، 2015 |
| 300 | _a960ص | ||
| 336 |
_atext _btxt _2rdacontent |
||
| 337 |
_aunmediated _bn _2rdamedia |
||
| 338 |
_avolume _bnc _2rdacarrier |
||
| 650 | 4 |
_aالقانون الخاص -- الفقة الاسلامي -- المسئولية -- الاضرار (قانون ) _950662 |
|
| 999 |
_aA22330 _c25898 _d25898 |
||